A cincuenta años del GATT (Registro nro. 28979)

Detalles MARC
000 -LEADER
fixed length control field 00353 a2200109 4500
001 - CONTROL NUMBER
control field ART_26006
005 - DATE AND TIME OF LATEST TRANSACTION
control field 20260410161935.0
008 - FIXED-LENGTH DATA ELEMENTS--GENERAL INFORMATION
fixed length control field 260409a
100 1# - MAIN ENTRY--PERSONAL NAME
Personal name Alemann, Roberto T.
245 10 - TITLE STATEMENT
Title A cincuenta años del GATT
773 0# - HOST ITEM ENTRY
Title Anales de la Academia Nacional de Ciencias Económicas
Related parts - Vol. XLIII, (1998) (ene. 1999)
Record control number REV25596

No hay ítems disponibles.